Indice bibliográfico de Medicina conteniendo, además, las principales obras de Farmacia, Química, Fisiatría o Naturismo. (Registro nro. 81920)

Detalles MARC
000 -LEADER
campo de control de longitud fija 00449nam a2200145 i 4500
001 - NÚMERO DE CONTROL
campo de control 81920
003 - IDENTIFICADOR DE NÚMERO DE CONTROL
campo de control ES-MaACL
005 - FECHA Y HORA DE LA ÚLTIMA TRANSACCIÓN
campo de control 20230906174533.0
007 - CAMPO FIJO DE DESCRIPCIÓN FÍSICA--INFORMACIÓN GENERAL
campo de control de longitud fija t|
008 - DATOS DE LONGITUD FIJA--INFORMACIÓN GENERAL
campo de control de longitud fija 041108s1922 sp ||||1| spa d
245 00 - MENCIÓN DEL TÍTULO
Título Indice bibliográfico de Medicina conteniendo, además, las principales obras de Farmacia, Química, Fisiatría o Naturismo.
260 ## - PUBLICACIÓN, DISTRIBUCIÓN, ETC.
Lugar de publicación, distribución, etc. Barcelona :
Nombre del editor, distribuidor, etc. Sintes,
Fecha de publicación, distribución, etc. 1922.
300 ## - DESCRIPCIÓN FÍSICA
Extensión XV, 398 p. ;
Dimensiones 17 cm.
852 ## - LOCALIZACIÓN
Ubicación ES-MaACL
Número de control de estantería E-1230
Existencias
Estatus retirado Estado de pérdida Estado de daño No para préstamo Biblioteca de origen Biblioteca actual Ubicación en estantería Fecha de adquisición Fuente de adquisición Total de préstamos Signatura topográfica completa Código de barras Visto por última vez Precio de reemplazo Tipo de ítem Koha
        Biblioteca del Ateneo de Madrid Biblioteca del Ateneo de Madrid Depósito 2 17/01/2008     E-1230 1085624 23/02/2023 23/02/2023 Libro impreso